Family names for country - Statistics

General Stats
  • This quiz has been taken 53 times
  • The average score is 22 of 30
Answer Stats
Terminaison / Nom Pays % Correct
WANG China
94%
SMITH / TON United States / Australia / United Kingdom
92%
NGUYEN Vietnam
92%
BERNARD / MARTIN France
90%
GONZALEZ Spain
90%
SCHUMACHER Germany
88%
SINGH India
88%
ROSSI Italy
88%
KARLSSON Sweden
88%
OLSEWSKI Poland
86%
OLIVEIRA Portugal
84%
POPOV Russia
84%
KIM South Korea / North Korea
84%
HAKKINEN Finland
82%
MOTO Japan
82%
DE JONG Netherlands
78%
POULOS Greece
76%
HANSEN Norway
76%
IONESCU Romania
76%
TAN Thaïland
74%
MAYER Austria
68%
NIELSEN Denmark
66%
YILMAZ Turkey
66%
MAES Belgium
60%
TREMBLAY Canada
48%
SARI Indonesia
48%
ALAOUI Morocco
48%
SHAHINIAN Armenia
46%
NDIAYE Senegal
40%
RAKOTOARIMANANA Madagascar
32%
No matching quizzes found
Score Distribution
Percent of People with Each Score
Percentile by Number Answered
Your Score History
You have not taken this quiz